[Event "Titled Tuesday intern op 14th Jan Early"]
[Site "Chess.com INT"]
[Date "2025.01.14"]
[Round "4"]
[White "Carvalho, Felipe Lobo C"]
[Black "Diaz Herquinio, Brahian"]
[Result "1-0"]
[WhiteElo "2042"]
[BlackElo "2051"]
[PlyCount "109"]
[EventDate "2025.01.14"]
[EventType "swiss (blitz)"]
[EventRounds "11"]
[EventCountry "USA"]
[SourceTitle "CB04_2025"]
[SourceDate "2025.01.22"]
[SourceVersion "1"]
[SourceVersionDate "2025.01.22"]
[SourceQuality "1"]

1. d4 d5 2. Bf4 e6 3. e3 Nf6 4. Nd2 c5 5. c3 Nc6 6. Ngf3 Bd6 7. Bg3 0-0 8. Bd3 b6 9. Ne5 Bb7 10. f4 Ne7 11. Qf3 Nf5 12. 0-0 Be7 13. Rae1 Nd6 14. Bh4 Nfe4 15. Bxe7 Qxe7 16. Qh3 g6 17. Ndf3 Kg7 18. Ng4 h5 19. Nf2 c4 20. Bxe4 dxe4 21. Nd2 Bd5 22. b3 Rac8 23. b4 a5 24. a3 f5 25. g4 hxg4 26. Qg3 Nb5 27. Nb1 axb4 28. axb4 Rh8 29. h3 Qh4 30. Qxh4 Rxh4 31. hxg4 fxg4 32. Kg2 Kf6 33. Rh1 Rch8 34. Rxh4 Rxh4 35. Nh1 Nd6 36. Ng3 Nf5 37. Na3 Rh3 38. Nxf5 gxf5 39. Nb5 Kg6 40. Nd6 Kh5 41. Nc8 Kh4 42. Nxb6 g3 43. Nxd5 exd5 44. Rh1 Rxh1 45. Kxh1 Kh3 46. Kg1 g2 47. b5 Kg3 48. b6 Kf3 49. b7 Kxe3 50. b8Q Kf3 51. Qe5 e3 52. Qxf5 e2 53. Qe5 Kg3 54. Qxe2 Kxf4 55. Qe5+ 1-0

[Event "Manaus op"]
[Site "Manaus"]
[Date "2024.10.14"]
[Round "6"]
[White "Carvalho, Felipe Lobo C"]
[Black "Grosselli, Marcel Robinson"]
[Result "1-0"]
[WhiteElo "2062"]
[BlackElo "1789"]
[PlyCount "69"]
[EventDate "2024.10.11"]
[EventType "swiss"]
[EventRounds "9"]
[EventCountry "BRA"]
[SourceTitle "CB43_2024"]
[Source "Chessbase"]
[SourceDate "2024.10.23"]
[SourceVersion "1"]
[SourceVersionDate "2024.10.23"]
[SourceQuality "1"]

1. d4 d5 2. Bf4 c6 3. Nf3 Nf6 4. e3 e6 5. Nbd2 Bd6 6. Bg3 Qc7 7. Bxd6 Qxd6 8. Ne5 Nbd7 9. f4 c5 10. c3 a6 11. a4 Rb8 12. Bd3 c4 13. Bc2 a5 14. 0-0 Nf8 15. Qf3 Ng6 16. g4 Bd7 17. g5 Ng8 18. h4 N6e7 19. e4 Rc8 20. f5 exf5 21. exf5 Kf8 22. g6 f6 23. Nf7 Qc7 24. Nxh8 h6 25. Qf4 Qb6 26. Rab1 Qc6 27. Nf7 Be8 28. Nd6 Rd8 29. Nxe8 Qxe8 30. h5 Nc8 31. Rfe1 Nge7 32. Re6 Qd7 33. Rbe1 Kg8 34. Nf3 b6 35. Nh2 1-0

[Event "Manaus op"]
[Site "Manaus"]
[Date "2024.10.12"]
[Round "2"]
[White "Carvalho, Felipe Lobo C"]
[Black "Oliveira, Anderson V Correa"]
[Result "1-0"]
[WhiteElo "2062"]
[BlackElo "1671"]
[PlyCount "65"]
[EventDate "2024.10.11"]
[EventType "swiss"]
[EventRounds "9"]
[EventCountry "BRA"]
[SourceTitle "CB43_2024"]
[Source "Chessbase"]
[SourceDate "2024.10.23"]
[SourceVersion "1"]
[SourceVersionDate "2024.10.23"]
[SourceQuality "1"]

1. c4 Nf6 2. Nc3 e6 3. e4 c6 4. e5 Ng8 5. Nf3 d5 6. b3 Nd7 7. d4 c5 8. cxd5 cxd4 9. dxe6 Qa5 10. exd7+ Bxd7 11. Qxd4 Bb4 12. Bd2 Rc8 13. Rc1 Ne7 14. Bc4 Nf5 15. Bxf7+ Ke7 16. Qxb4+ Qxb4 17. Nd5+ Kxf7 18. Nxb4 Rhd8 19. Rxc8 Rxc8 20. 0-0 Kg8 21. Rc1 Rd8 22. Bg5 Re8 23. Rc7 Bc8 24. h3 h6 25. Be3 a5 26. Nd5 Be6 27. Nf4 Bf7 28. Rxb7 g5 29. Ne2 Rc8 30. Ned4 Nxe3 31. fxe3 Rc1+ 32. Kf2 Rc2+ 33. Nxc2 1-0

[Event "Boa Vista Regional Norte-ch"]
[Site "Boa Vista"]
[Date "2024.06.01"]
[Round "4"]
[White "Carvalho, Felipe Lobo C"]
[Black "Pessoa, Marcio de Souza"]
[Result "1/2-1/2"]
[WhiteElo "2050"]
[BlackElo "1856"]
[PlyCount "52"]
[EventDate "2024.05.30"]
[EventType "swiss"]
[EventRounds "6"]
[EventCountry "BRA"]
[SourceTitle "CBM 220 Extra"]
[Source "ChessBase"]
[SourceDate "2024.07.31"]
[SourceVersion "1"]
[SourceVersionDate "2024.07.31"]
[SourceQuality "1"]

1. d4 Nf6 2. Bf4 d5 3. e3 c5 4. Nf3 Bf5 5. c3 Qb6 6. Qb3 c4 7. Qxb6 axb6 8. Nbd2 h6 9. h3 Nc6 10. a3 b5 11. Rc1 e6 12. Be2 Be7 13. Bd1 Ne4 14. Ne5 Nxe5 15. Bxe5 Nxd2 16. Kxd2 f6 17. Bh2 Kd7 18. g4 Bh7 19. Bc2 Bxc2 20. Kxc2 h5 21. Bg3 Rh7 22. Rhe1 hxg4 23. hxg4 f5 24. gxf5 exf5 25. Be5 Ke6 26. Rg1 Kf7 1/2-1/2

[Event "Boa Vista Regional Norte-ch"]
[Site "Boa Vista"]
[Date "2024.05.31"]
[Round "2"]
[White "Carvalho, Felipe Lobo C"]
[Black "Bezerra, Fabiano de Oliveira"]
[Result "1-0"]
[WhiteElo "2050"]
[BlackElo "1900"]
[PlyCount "129"]
[EventDate "2024.05.30"]
[EventType "swiss"]
[EventRounds "6"]
[EventCountry "BRA"]
[SourceTitle "CBM 220 Extra"]
[Source "ChessBase"]
[SourceDate "2024.07.31"]
[SourceVersion "1"]
[SourceVersionDate "2024.07.31"]
[SourceQuality "1"]

1. e4 c6 2. d4 d5 3. exd5 cxd5 4. Bd3 Nc6 5. c3 Nf6 6. Bf4 Bd7 7. Nd2 Qb6 8. Rb1 Rc8 9. h3 Na5 10. Qe2 Qe6 11. Qxe6 Bxe6 12. Ngf3 h6 13. Ne5 Nd7 14. 0-0 Nxe5 15. Bxe5 f6 16. Bg3 Kf7 17. Rfe1 Bd7 18. Re2 e6 19. Rbe1 b5 20. a3 Nb7 21. a4 a6 22. axb5 axb5 23. Ra1 Bd6 24. Bxd6 Nxd6 25. Ra7 Rhd8 26. Re1 Ra8 27. Rea1 Rxa7 28. Rxa7 Ke7 29. Nb3 Nc4 30. Nc5 Nd6 31. f4 f5 32. g4 g6 33. Kf2 Ke8 34. Nb7 Nxb7 35. Rxb7 Ra8 36. Bxb5 Bxb5 37. Rxb5 Ra2 38. Rb7 fxg4 39. hxg4 g5 40. Ke3 Ra1 41. fxg5 hxg5 42. Rg7 Rg1 43. Rxg5 Kf7 44. b4 Rg3+ 45. Kd2 Rg2+ 46. Kd3 Kf6 47. Rg8 Kf7 48. Rh8 Rxg4 49. b5 Rg2 50. b6 Kg7 51. b7 Kxh8 52. b8Q+ Kg7 53. Qc7+ Kf6 54. Qd8+ Kf7 55. Qh4 Rg6 56. Kc2 Rg2+ 57. Kb3 Rg6 58. Kb4 Rg8 59. Qh7+ Rg7 60. Qh5+ Ke7 61. Kc5 Kd7 62. Qe5 Re7 63. Qh8 Kc7 64. Qa8 Rd7 65. Qe8 1-0

[Event "Boa Vista Regional Norte-ch"]
[Site "Boa Vista"]
[Date "2024.05.30"]
[Round "1"]
[White "Da Silva, Luciana Maria Rocha"]
[Black "Carvalho, Felipe Lobo C"]
[Result "0-1"]
[WhiteElo "1605"]
[BlackElo "2050"]
[PlyCount "96"]
[EventDate "2024.05.30"]
[EventType "swiss"]
[EventRounds "6"]
[EventCountry "BRA"]
[SourceTitle "CBM 220 Extra"]
[Source "ChessBase"]
[SourceDate "2024.07.31"]
[SourceVersion "1"]
[SourceVersionDate "2024.07.31"]
[SourceQuality "1"]

1. e4 c5 2. Nf3 d6 3. d4 cxd4 4. Nxd4 Nf6 5. Nc3 a6 6. Bc4 e6 7. Bg5 Nbd7 8. 0-0 b5 9. Bb3 Nc5 10. f4 b4 11. e5 bxc3 12. exf6 gxf6 13. Bh4 cxb2 14. Rb1 Nxb3 15. cxb3 Bb7 16. Rxb2 h5 17. Re1 Be7 18. Kf1 Qa5 19. Ree2 Rc8 20. Rbc2 Rxc2 21. Qxc2 Kd7 22. Be1 Qd5 23. Rd2 Qe4 24. Qxe4 Bxe4 25. g3 Rc8 26. Ke2 Rc1 27. Rd1 Rxd1 28. Kxd1 e5 29. fxe5 fxe5 30. Ne2 Bf3 31. Bd2 d5 32. Ke1 d4 33. Kf2 Bd5 34. h3 Bc5 35. Ke1 Be6 36. h4 Kc6 37. b4 Be7 38. a3 Kd5 39. Bc1 Kc4 40. Kd2 Bg4 41. Bb2 Kb3 42. Bc1 f5 43. Kd3 e4+ 44. Kd2 e3+ 45. Kd3 Bxe2+ 46. Kxe2 Kc2 47. Bxe3 dxe3 48. Kxe3 Bd6 0-1

[Event "Criciuma op"]
[Site "Criciuma"]
[Date "2023.01.14"]
[Round "2"]
[White "Carvalho, Felipe Lobo C"]
[Black "Cubas, Jose Fernando"]
[Result "1/2-1/2"]
[WhiteElo "2068"]
[BlackElo "2458"]
[PlyCount "67"]
[EventDate "2023.01.13"]
[EventType "swiss"]
[EventRounds "9"]
[EventCountry "BRA"]
[SourceTitle "CBM 212 Extra"]
[Source "ChessBase"]
[SourceDate "2023.03.31"]
[SourceVersion "1"]
[SourceVersionDate "2023.03.31"]
[SourceQuality "1"]

1. d4 g6 2. Bf4 Bg7 3. e3 d6 4. Nf3 Nd7 5. h3 e5 6. Bg5 f6 7. Bh4 Nh6 8. e4 Qe7 9. Nc3 c6 10. Be2 Nf7 11. 0-0 0-0 12. Re1 Kh8 13. Bf1 Ng5 14. dxe5 dxe5 15. Nxg5 fxg5 16. Bg3 Nc5 17. Qd2 Ne6 18. Rad1 Nf4 19. Qd6 Qf7 20. Rd2 Be6 21. Red1 Bf6 22. a4 a5 23. Qc5 Qg7 24. Qb6 g4 25. hxg4 Bxg4 26. f3 Be6 27. Ne2 g5 28. Rd6 Rfe8 29. Nxf4 exf4 30. Bf2 Bxb2 31. Rd8 Bf6 32. Rxa8 Rxa8 33. Rd6 Re8 34. Bc4 1/2-1/2

[Event "Titled Tuesday intern op 19th Oct"]
[Site "Chess.com INT"]
[Date "2021.10.19"]
[Round "2"]
[White "Carvalho, Felipe Lobo C"]
[Black "Hirneise, Jens"]
[Result "0-1"]
[WhiteElo "2082"]
[BlackElo "2303"]
[PlyCount "80"]
[EventDate "2021.10.19"]
[EventType "swiss (blitz)"]
[EventRounds "11"]
[EventCountry "USA"]
[SourceTitle "CBM 204 Extra"]
[Source "ChessBase"]
[SourceDate "2021.11.30"]
[SourceVersion "1"]
[SourceVersionDate "2021.11.30"]
[SourceQuality "1"]

1. d4 c5 2. dxc5 Qa5+ 3. Nc3 Qxc5 4. e4 d6 5. Be3 Qc7 6. Nd5 Qd8 7. Nf3 e6 8. Nc3 Nf6 9. Bb5+ Nc6 10. 0-0 a6 11. Bxc6+ bxc6 12. e5 Nd5 13. exd6 Bxd6 14. Ne4 Be7 15. c4 Nxe3 16. Qxd8+ Bxd8 17. fxe3 0-0 18. c5 Rb8 19. b3 f6 20. Rad1 e5 21. Nxe5 fxe5 22. Rxf8+ Kxf8 23. Rxd8+ Ke7 24. Rh8 Ra8 25. Nd6 Bb7 26. Rxh7 Kf6 27. Rh3 a5 28. Rf3+ Ke6 29. Rf7 Ba6 30. Rxg7 Rf8 31. h3 Kd5 32. Kh2 Kxc5 33. Ne4+ Kb4 34. Rg6 Bd3 35. Rf6 Rg8 36. Nd6 Ka3 37. Rf7 Kxa2 38. Rb7 Rg6 39. Nc4 Be4 40. g4 Rf6 0-1

[Event "Titled Tuesday intern op 19th Oct"]
[Site "Chess.com INT"]
[Date "2021.10.19"]
[Round "3"]
[White "Carvalho, Felipe Lobo C"]
[Black "Petrova, Irina"]
[Result "0-1"]
[WhiteElo "2082"]
[BlackElo "2141"]
[PlyCount "98"]
[EventDate "2021.10.19"]
[EventType "swiss (blitz)"]
[EventRounds "11"]
[EventCountry "USA"]
[SourceTitle "CBM 204 Extra"]
[Source "ChessBase"]
[SourceDate "2021.11.30"]
[SourceVersion "1"]
[SourceVersionDate "2021.11.30"]
[SourceQuality "1"]

1. d4 d6 2. Bf4 g6 3. e3 Bg7 4. Nf3 Nd7 5. Be2 e5 6. Bg3 Ne7 7. 0-0 0-0 8. c4 Nf5 9. Nc3 exd4 10. exd4 Nxg3 11. fxg3 Nf6 12. Qd2 Re8 13. Rae1 Bf5 14. Ng5 h6 15. Nf3 Ne4 16. Nxe4 Rxe4 17. Bd3 Bxd4+ 18. Kh1 Rxe1 19. Rxe1 Bxd3 20. Nxd4 Bxc4 21. Qxh6 Qd7 22. Nf3 Re8 23. Re3 Rxe3 24. Qxe3 Bxa2 25. Qxa7 Qc6 26. Qxa2 Qc1+ 27. Ng1 b5 28. Qb3 c6 29. Qc3 Qxc3 30. bxc3 c5 31. Nf3 b4 32. cxb4 cxb4 33. Nd4 Kg7 34. Kg1 Kf6 35. Kf2 Ke5 36. Ke3 Kd5 37. Kd3 f5 38. h3 Kc5 39. h4 Kd5 40. Nb3 Ke5 41. Nd4 d5 42. Nc6+ Kd6 43. Nxb4 Kc5 44. Nc2 Kd6 45. Nd4 Ke5 46. Ke3 Kf6 47. Kf3 g5 48. Ke3 gxh4 49. gxh4 Kg6 0-1

[Event "Teresina op 7th"]
[Site "Teresina"]
[Date "2019.08.04"]
[Round "5"]
[White "Amorim, Gidelson Ferreira"]
[Black "Carvalho, Felipe Lobo C"]
[Result "1-0"]
[WhiteElo "2044"]
[BlackElo "2081"]
[PlyCount "95"]
[EventDate "2019.08.02"]
[EventType "swiss"]
[EventRounds "6"]
[EventCountry "BRA"]
[SourceTitle "EXT 2020"]
[Source "ChessBase"]
[SourceDate "2019.10.17"]
[SourceVersion "1"]
[SourceVersionDate "2019.10.17"]
[SourceQuality "1"]

1. e4 c5 2. Nc3 d6 3. g3 Nf6 4. Bg2 Nc6 5. d3 a6 6. f4 Bg4 7. Bf3 Bxf3 8. Nxf3 e6 9. h3 b5 10. Be3 Qc7 11. Bf2 Be7 12. g4 b4 13. Ne2 d5 14. e5 Nd7 15. Qd2 a5 16. 0-0 h5 17. Kg2 Qb7 18. c3 Rb8 19. d4 bxc3 20. bxc3 hxg4 21. hxg4 Qb2 22. Rfb1 Qxd2 23. Nxd2 0-0 24. f5 cxd4 25. cxd4 g6 26. fxe6 fxe6 27. Be3 Rfc8 28. Nf3 Nb4 29. Bg5 Bxg5 30. Nxg5 Nf8 31. Rb3 Rc2 32. Kf3 Rbc8 33. a3 Nc6 34. Rb7 Nd8 35. Ra7 Nc6 36. Ra6 Rc4 37. Ke3 Ra4 38. Nc3 Nxd4 39. Nxa4 Nc2+ 40. Kd3 Nxa1 41. Nxe6 Nxe6 42. Rxe6 Kf7 43. Rd6 Nc2 44. Nb6 Rc5 45. Nd7 Rc7 46. Rxd5 Nxa3 47. Nc5 Nb5 48. Ne4 1-0

[Event "American Continental 15th"]
[Site "Sao Paulo"]
[Date "2019.07.07"]
[Round "4"]
[White "Rangel, Daniel"]
[Black "Carvalho, Felipe Lobo C"]
[Result "1-0"]
[WhiteElo "2325"]
[BlackElo "2106"]
[PlyCount "67"]
[EventDate "2019.07.05"]
[EventType "swiss"]
[EventRounds "11"]
[EventCountry "BRA"]
[SourceTitle "CBM 191 Extra"]
[Source "ChessBase"]
[SourceDate "2019.09.30"]
[SourceVersion "1"]
[SourceVersionDate "2019.09.30"]
[SourceQuality "1"]

1. c4 c6 2. d4 d5 3. Nf3 Nf6 4. e3 Bf5 5. Qb3 Qb6 6. c5 Qxb3 7. axb3 Bxb1 8. Rxb1 Nbd7 9. b4 a6 10. Ra1 Rc8 11. Bd3 e6 12. Nd2 Be7 13. Nb3 Bd8 14. 0-0 0-0 15. f3 g6 16. Bd2 Re8 17. Rfd1 e5 18. Bf1 e4 19. f4 Ng4 20. h3 Nh6 21. g3 f5 22. Be2 Nf6 23. Kf2 Kf7 24. Rg1 Nd7 25. Ke1 Rg8 26. g4 Ke8 27. Kd1 Nf8 28. Kc2 Rg7 29. g5 Nf7 30. Na5 Bxa5 31. bxa5 h5 32. gxh6 Rh7 33. h4 Rxh6 34. h5 1-0

[Event "BRA-ch 85th sf Reg2"]
[Site "Manaus"]
[Date "2018.11.01"]
[Round "1"]
[White "Da Silva, Luiz Henrique Lopes"]
[Black "Carvalho, Felipe Lobo C"]
[Result "0-1"]
[WhiteElo "1728"]
[BlackElo "2097"]
[PlyCount "108"]
[EventDate "2018.11.01"]
[EventType "swiss"]
[EventRounds "7"]
[EventCountry "BRA"]
[SourceTitle "CBM 189 Extra"]
[Source "ChessBase"]
[SourceDate "2019.05.31"]
[SourceVersion "1"]
[SourceVersionDate "2019.05.31"]
[SourceQuality "1"]

1. e4 c5 2. Nf3 d6 3. d4 cxd4 4. Nxd4 Nf6 5. Nc3 a6 6. Be2 e5 7. Nb3 Be7 8. Bg5 Be6 9. 0-0 Nbd7 10. a4 Rc8 11. a5 0-0 12. Qd2 Re8 13. Rfd1 Rc7 14. f3 Qc8 15. Rac1 b5 16. axb6 Nxb6 17. Be3 Nc4 18. Bxc4 Bxc4 19. Na5 Be6 20. Bg5 Rd7 21. Nb3 Qb7 22. Bxf6 Bxf6 23. Nd5 Bd8 24. Ra1 Qb5 25. Qd3 Bxd5 26. Qxb5 axb5 27. Rxd5 Rc7 28. Rxd6 Rxc2 29. Rad1 Bg5 30. R6d5 Rxb2 31. Rxb5 g6 32. Rb7 Rc8 33. Nc5 Re2 34. Nd3 Rd8 35. Rb2 Be3+ 36. Kh1 Rxb2 37. Nxb2 Rxd1+ 38. Nxd1 Bd4 39. g3 Kg7 40. Kg2 f5 41. h3 fxe4 42. fxe4 Kf6 43. Kf3 Ke6 44. Ne3 Bxe3 45. Kxe3 Kd6 46. h4 Kc5 47. Kd3 Kb4 48. g4 h6 49. h5 gxh5 50. gxh5 Kb3 51. Ke2 Kc2 52. Ke3 Kc3 53. Ke2 Kd4 54. Kf3 Kd3 0-1

[Event "Manaus Regional Norte-ch"]
[Site "Manaus"]
[Date "2018.10.13"]
[Round "5"]
[White "Carvalho, Felipe Lobo C"]
[Black "Dantas, Caetano Melo"]
[Result "1-0"]
[WhiteElo "2101"]
[BlackElo "1576"]
[PlyCount "49"]
[EventDate "2018.10.11"]
[EventType "swiss"]
[EventRounds "7"]
[EventCountry "BRA"]
[SourceTitle "CBM 186 Extra"]
[Source "ChessBase"]
[SourceDate "2018.08.24"]
[SourceVersion "1"]
[SourceVersionDate "2018.08.24"]
[SourceQuality "1"]

1. d4 d5 2. Bf4 Nf6 3. e3 e6 4. Bd3 Bd6 5. Bg3 Bxg3 6. hxg3 Nbd7 7. Nf3 c5 8. c3 b6 9. Nbd2 Bb7 10. a4 a6 11. Qe2 c4 12. Bc2 b5 13. e4 dxe4 14. Nxe4 Nxe4 15. Bxe4 Bxe4 16. Qxe4 Nf6 17. Qc6+ Ke7 18. Ne5 Qc8 19. axb5 Qxc6 20. bxc6 Rhc8 21. Ke2 h6 22. Ra2 Ra7 23. Rha1 Rca8 24. Nxc4 Nd5 25. Kd3 1-0

[Event "Manaus Regional Norte-ch"]
[Site "Manaus"]
[Date "2018.10.12"]
[Round "3"]
[White "Carvalho, Felipe Lobo C"]
[Black "Leite, Thales Ferreira"]
[Result "1/2-1/2"]
[WhiteElo "2101"]
[BlackElo "1937"]
[PlyCount "232"]
[EventDate "2018.10.11"]
[EventType "swiss"]
[EventRounds "7"]
[EventCountry "BRA"]
[SourceTitle "CBM 186 Extra"]
[Source "ChessBase"]
[SourceDate "2018.08.24"]
[SourceVersion "1"]
[SourceVersionDate "2018.08.24"]
[SourceQuality "1"]

1. d4 Nf6 2. Bf4 e6 3. e3 c5 4. c3 d5 5. Nd2 Bd6 6. Bg3 Nc6 7. Ngf3 0-0 8. Bd3 b6 9. Ne5 Bb7 10. f4 Ne7 11. Qf3 Nf5 12. Bf2 Bxe5 13. fxe5 Ne4 14. Nxe4 dxe4 15. Bxe4 Bxe4 16. Qxe4 cxd4 17. exd4 b5 18. 0-0 Rb8 19. d5 Qxd5 20. Qxd5 exd5 21. Bxa7 Rb7 22. Bc5 Rc8 23. Rxf5 Rxc5 24. Raf1 g6 25. Rf6 Re7 26. Re1 Kg7 27. Rb6 Rd7 28. Rd1 Re7 29. Re1 Rd7 30. e6 fxe6 31. Rbxe6 d4 32. Re7+ Rxe7 33. Rxe7+ Kf6 34. Rxh7 dxc3 35. bxc3 Rxc3 36. Rd7 Rc2 37. h3 Kf5 38. Kh2 Kf4 39. Rf7+ Ke4 40. Rb7 Rxa2 41. Rxb5 Kf4 42. h4 Kg4 43. Rb4+ Kh5 44. Kh3 Ra3+ 45. g3 Rc3 46. Rb8 Kh6 47. Rh8+ Kg7 48. Ra8 Kh6 49. Rf8 Kg7 50. Rf4 Ra3 51. Kg4 Kh6 52. Re4 Rb3 53. Kf4 Ra3 54. Kg4 Rb3 55. Re8 Rb4+ 56. Kh3 Rb3 57. Rf8 Ra3 58. Rf4 Rb3 59. Rg4 Rb2 60. Rg5 Rb3 61. Kg4 Rb4+ 62. Kf3 Rb3+ 63. Ke4 Rb4+ 64. Kf3 Rb3+ 65. Kg4 Rb4+ 66. Kh3 Rb3 67. Ra5 Rc3 68. Ra6 Rb3 69. Kg2 Rb2+ 70. Kh3 Rb3 71. Rf6 Re3 72. Kg4 Rd3 73. Rf3 Rd4+ 74. Kh3 Kh5 75. Ra3 Rc4 76. Re3 Rd4 77. Rf3 Rb4 78. Rf8 Kh6 79. g4 Rb3+ 80. Kg2 Ra3 81. Rf6 Kg7 82. g5 Rb3 83. Rf3 Rb4 84. Kg3 Ra4 85. Rf4 Ra3+ 86. Kg4 Ra1 87. Rb4 Rg1+ 88. Kf4 Rf1+ 89. Ke5 Re1+ 90. Re4 Ra1 91. Rd4 Re1+ 92. Kd5 Ra1 93. Kc5 Rc1+ 94. Rc4 Ra1 95. Kb5 Rb1+ 96. Rb4 Ra1 97. Kc6 Rc1+ 98. Kb7 Rh1 99. Kb8 Rh2 100. Kc7 Rc2+ 101. Kd6 Rd2+ 102. Ke5 Re2+ 103. Kf4 Rf2+ 104. Kg3 Rf7 105. h5 gxh5 106. Kh4 Rf1 107. Kxh5 Rh1+ 108. Kg4 Rg1+ 109. Kf5 Rf1+ 110. Rf4 Rg1 111. Rf2 Re1 112. Kg4 Rg1+ 113. Kf5 Re1 114. Rf3 Rg1 115. Rf4 Re1 116. Re4 Rf1+ 1/2-1/2